| 000 | 01975nam0a2200349 4500 | ||
|---|---|---|---|
| 001 | RU\NLR\bibl\1952965 | ||
| 005 | 20260405135927.0 | ||
| 021 |
_aRU _b2012-69568 _95112 |
||
| 035 | _a(nilc)RSL-KNO-005493931 | ||
| 035 | _a(NLR Aleph) 001942082 | ||
| 090 |
_a3579399 _c3579399 |
||
| 100 | _a20120913d2010 |||y0rusy50 ca | ||
| 101 | 0 | _arus | |
| 102 | _aRU | ||
| 105 | _ay zzzz||||| | ||
| 200 | 1 |
_aПредупреждение преступлений, совершаемых несовершеннолетними в группе _eучебное пособие _e[для студентов юридических вузов] _fЮ. Р. Орлова, Е. М. Тимошина _gМ-во внутренних дел Российской Федерации, Федеральное гос. учреждение "Всероссийский науч.-исследовательский ин-т" |
|
| 210 |
_aМосква _cВНИИ МВД России _d2010 |
||
| 215 |
_a84 с. _cил. _d21 |
||
| 320 | _aБиблиогр. в подстроч. примеч. | ||
| 606 | 1 |
_aНесовершеннолетние _jУчебные издания _xПреступность _xПредупреждение _yРоссийская Федерация _92335399 _3RU\NLR\auth\661396289 |
|
| 606 | 1 |
_aГрупповые преступления _jУчебные издания _xПредупреждение _yРоссийская Федерация _92574825 _3RU\NLR\auth\661522457 |
|
| 686 |
_aХ628.332я73-1 _2rubbk |
||
| 686 | _aХ628.332я7 | ||
| 686 | _aХ628.322я7 | ||
| 700 | 1 |
_4070 _7ca _8rus _aОрлова _bЮ. Р. _cканд. юрид. наук, криминалистика _gЮлия Рудольфовна _939190 _3RU\NLR\auth\7756258 |
|
| 701 | 1 |
_aТимошина _bЕ. М. _gЕлена Михайловна _4070 |
|
| 801 | 0 |
_aRU _bRuMoRKP _c20120913 _grcr |
|
| 801 | 1 |
_aRU _bРГБ _c20120913 |
|
| 801 | 2 |
_aRU _bNLR _c20121009 _grcr |
|
| 942 | _cBOOK | ||
| 980 | _aNB | ||